Solid-liquid interface theory

Gardado en:
Detalles Bibliográficos
Formato: Libro
Idioma:Undetermined
Publicado: Washington, DC American Chemical Society 2001
Những chủ đề:
Các nhãn: Engadir etiqueta
Sen Etiquetas, Sexa o primeiro en etiquetar este rexistro!
Thư viện lưu trữ: Trung tâm Học liệu Trường Đại học Cần Thơ
LEADER 00522nam a2200193Ia 4500
001 CTU_57261
008 210402s9999 xx 000 0 und d
020 |b 1760000 
082 |a 541.33 
082 |b S686 
245 0 |a Solid-liquid interface theory 
245 0 |c Edited by J. Woods Halley 
260 |a Washington, DC 
260 |b American Chemical Society 
260 |c 2001 
650 |a solid-liquid interfaces 
650 |x congresses 
904 |i Minh 
980 |a Trung tâm Học liệu Trường Đại học Cần Thơ